00547nam a22001217a 4500008004100000040005500041080001600096245019700112260008100309300001000390650001300400653001200413230601b |||||||| |||| 00| 0 eng d aNational Science LibrarycNational Science Library a613/614bQ0 aHuman health perspective on climate change: bReport outlining the research needs on the human health effects of climate change c/ The Interagency Working Group on Climate Change and Health  aLondon: bThe Interagency Working Group on Climate Change and Health, c2010 a70p.  aScience  aHealth